000 01332nam a2200337 a 4500
001 ebr10591249
003 CaPaEBR
006 m u
007 cr cn|||||||||
008 900309s1988 gw a sb 001 0 lat d
010 _z 90128598
020 _z3322004503
020 _z9783598714252
020 _z9783110967746 (e-book)
040 _aCaPaEBR
_cCaPaEBR
035 _a(OCoLC)300980894
043 _ae------
_aff-----
_aaw-----
050 1 4 _aPA6206.A6
_bS34 1988eb
245 0 0 _aHistoria Apollonii Regis Tyri
_h[electronic resource] /
_cedidit Gareth Schmeling.
250 _a1. Aufl.
260 _aLeipzig :
_bTeubner,
_c1988.
300 _axxxi, 143 p. :
_bill.
440 0 _aBibliotheca scriptorum Graecorum et Romanorum Teubneriana,
_x0233-1160
504 _aIncludes bibliographical references (p. xxiii-xxviii) and indexes.
533 _aElectronic reproduction.
_bPalo Alto, Calif. :
_cebrary,
_d2011.
_nAvailable via World Wide Web.
_nAccess may be limited to ebrary affiliated libraries.
650 0 _aApollonius of Tyre (Fictitious character)
_vRomances.
655 7 _aElectronic books.
_2local
700 1 _aSchmeling, Gareth L.
710 2 _aebrary, Inc.
856 4 0 _uhttp://site.ebrary.com/lib/rucke/Doc?id=10591249
_zAn electronic book accessible through the World Wide Web; click to view
999 _c105893
_d105893